<?xml version="1.0" encoding="UTF-8"?>
<record
    xmlns:xsi="http://www.w3.org/2001/XMLSchema-instance"
    xsi:schemaLocation="http://www.loc.gov/MARC21/slim http://www.loc.gov/standards/marcxml/schema/MARC21slim.xsd"
    xmlns="http://www.loc.gov/MARC21/slim">

  <leader>01152nam0a2200313   4500</leader>
  <controlfield tag="001">RU\NLR\bibl\95498</controlfield>
  <controlfield tag="005">20250617081430.0</controlfield>
  <datafield tag="010" ind1=" " ind2=" ">
    <subfield code="a">5-86709-059-0</subfield>
    <subfield code="9">4000</subfield>
  </datafield>
  <datafield tag="021" ind1=" " ind2=" ">
    <subfield code="a">RU</subfield>
    <subfield code="b">2000-6751</subfield>
    <subfield code="9">337</subfield>
  </datafield>
  <datafield tag="035" ind1=" " ind2=" ">
    <subfield code="a">(NLR Aleph) 000093336</subfield>
  </datafield>
  <datafield tag="090" ind1=" " ind2=" ">
    <subfield code="a">524422</subfield>
    <subfield code="c">524422</subfield>
  </datafield>
  <datafield tag="100" ind1=" " ind2=" ">
    <subfield code="a">20000703d2000    |||y0rusy50      ca</subfield>
  </datafield>
  <datafield tag="101" ind1="0" ind2=" ">
    <subfield code="a">rus</subfield>
  </datafield>
  <datafield tag="102" ind1=" " ind2=" ">
    <subfield code="a">RU</subfield>
  </datafield>
  <datafield tag="105" ind1=" " ind2=" ">
    <subfield code="a">a   |||||||||</subfield>
  </datafield>
  <datafield tag="200" ind1="1" ind2=" ">
    <subfield code="a">&#x41F;&#x443;&#x442;&#x44C; &#x43A; &#x437;&#x432;&#x435;&#x437;&#x434;&#x430;&#x43C; &#x43E;&#x442;&#x435;&#x43B;&#x44F;</subfield>
    <subfield code="e">[&#x41E;&#x431; &#x43E;&#x442;&#x435;&#x43B;&#x435; "&#x420;&#x44D;&#x434;&#x438;&#x441;&#x441;&#x43E;&#x43D;-&#x421;&#x410;&#x421;-&#x41B;&#x430;&#x437;&#x443;&#x440;&#x43D;&#x430;&#x44F;"]</subfield>
    <subfield code="f">&#x411;&#x43E;&#x440;&#x438;&#x441; &#x410;&#x432;&#x435;&#x440;&#x44C;&#x44F;&#x43D;&#x43E;&#x432;</subfield>
  </datafield>
  <datafield tag="210" ind1=" " ind2=" ">
    <subfield code="a">&#x421;&#x43E;&#x447;&#x438;</subfield>
    <subfield code="c">&#x411;.&#x438;.</subfield>
    <subfield code="d">2000</subfield>
  </datafield>
  <datafield tag="215" ind1=" " ind2=" ">
    <subfield code="a">230,[1] &#x441;., [20] &#x43B;. &#x438;&#x43B;., &#x446;&#x432;. &#x438;&#x43B;., &#x43F;&#x43E;&#x440;&#x442;&#x440;.</subfield>
    <subfield code="c">&#x43F;&#x43E;&#x440;&#x442;&#x440;.</subfield>
    <subfield code="d">22</subfield>
  </datafield>
  <datafield tag="601" ind1="0" ind2="2">
    <subfield code="a">"&#x420;&#x44D;&#x434;&#x438;&#x441;&#x441;&#x43E;&#x43D;-&#x421;&#x410;&#x421;-&#x41B;&#x430;&#x437;&#x443;&#x440;&#x43D;&#x430;&#x44F;", &#x43E;&#x442;&#x435;&#x43B;&#x44C;</subfield>
    <subfield code="c">&#x421;&#x43E;&#x447;&#x438;</subfield>
    <subfield code="2">psbo</subfield>
  </datafield>
  <datafield tag="606" ind1="0" ind2=" ">
    <subfield code="a">&#x413;&#x43E;&#x441;&#x442;&#x438;&#x43D;&#x438;&#x446;&#x44B;</subfield>
    <subfield code="y">&#x420;&#x43E;&#x441;&#x441;&#x438;&#x439;&#x441;&#x43A;&#x430;&#x44F; &#x424;&#x435;&#x434;&#x435;&#x440;&#x430;&#x446;&#x438;&#x44F;</subfield>
    <subfield code="9">2171479</subfield>
    <subfield code="3">RU\NLR\auth\661306207</subfield>
  </datafield>
  <datafield tag="686" ind1=" " ind2=" ">
    <subfield code="a">&#x423;44(2)135.7</subfield>
  </datafield>
  <datafield tag="700" ind1=" " ind2="1">
    <subfield code="a">&#x410;&#x432;&#x435;&#x440;&#x44C;&#x44F;&#x43D;&#x43E;&#x432;</subfield>
    <subfield code="b">&#x411;. &#x418;.</subfield>
    <subfield code="g">&#x411;&#x43E;&#x440;&#x438;&#x441; &#x418;&#x432;&#x430;&#x43D;&#x43E;&#x432;&#x438;&#x447;</subfield>
    <subfield code="4">070</subfield>
  </datafield>
  <datafield tag="801" ind1=" " ind2="0">
    <subfield code="a">RU</subfield>
    <subfield code="b">NLR</subfield>
    <subfield code="c">20000703</subfield>
    <subfield code="g">PSBO</subfield>
  </datafield>
  <datafield tag="801" ind1=" " ind2="1">
    <subfield code="a">RU</subfield>
    <subfield code="b">NLR</subfield>
    <subfield code="c">20000703</subfield>
  </datafield>
  <datafield tag="830" ind1=" " ind2=" ">
    <subfield code="a">&#x410;&#x432;&#x442;. &#x43F;&#x43E; &#x43A;&#x43D;.</subfield>
  </datafield>
  <datafield tag="852" ind1=" " ind2=" ">
    <subfield code="a">NLR</subfield>
    <subfield code="j">2000-5/1469</subfield>
  </datafield>
  <datafield tag="942" ind1=" " ind2=" ">
    <subfield code="c">BOOK</subfield>
  </datafield>
  <datafield tag="980" ind1=" " ind2=" ">
    <subfield code="a">NB</subfield>
  </datafield>
  <datafield tag="995" ind1=" " ind2=" ">
    <subfield code="5">2000-07-03</subfield>
    <subfield code="a">ad</subfield>
    <subfield code="b">NLR01</subfield>
    <subfield code="c">NLR01</subfield>
    <subfield code="e">RF8</subfield>
    <subfield code="f">46030</subfield>
    <subfield code="k">2000-5/1469</subfield>
    <subfield code="o">0</subfield>
    <subfield code="r">BOOK</subfield>
    <subfield code="s">200051469_</subfield>
  </datafield>
  <datafield tag="995" ind1=" " ind2=" ">
    <subfield code="5">2000-07-03</subfield>
    <subfield code="a">ad</subfield>
    <subfield code="b">NLR01</subfield>
    <subfield code="c">NLR01</subfield>
    <subfield code="e">RF8</subfield>
    <subfield code="f">46031</subfield>
    <subfield code="k">2000-5/1469</subfield>
    <subfield code="o">0</subfield>
    <subfield code="r">BOOK</subfield>
    <subfield code="s">200051469_</subfield>
  </datafield>
</record>
